[Event "Lleida-ch"]
[Site "Almenar"]
[Date "2018.11.11"]
[Round "6"]
[White "Torrelles Hornos, Robert"]
[Black "Degracia Burgues, Jose A"]
[Result "0-1"]
[WhiteElo "1793"]
[BlackElo "1891"]
[PlyCount "110"]
[EventDate "2018.09.30"]
[EventType "swiss"]
[EventRounds "9"]
[EventCountry "ESP"]
[SourceTitle "CBM 187 Extra"]
[Source "ChessBase"]
[SourceDate "2018.11.04"]
[SourceVersion "1"]
[SourceVersionDate "2018.11.04"]
[SourceQuality "1"]

1. d4 f5 2. g3 Nf6 3. Bg2 e6 4. c4 Bb4+ 5. Bd2 Bxd2+ 6. Nxd2 0-0 7. Qb3 d5 8. e3 c6 9. Ne2 Qe8 10. Nf3 Nbd7 11. 0-0 Ne4 12. cxd5 exd5 13. Nc3 Kh8 14. Qc2 Qh5 15. Ne5 Nef6 16. f4 Nxe5 17. dxe5 Ng4 18. Bf3 Nxe3 19. Qd3 Ng4 20. Qe2 Bd7 21. Qg2 Qg6 22. Rfe1 Rae8 23. h3 Nh6 24. Kh2 Nf7 25. Qf2 Nd8 26. Qxa7 Ne6 27. Qxb7 Nc5 28. Qa7 Ne4 29. Nxe4 fxe4 30. Bxe4 dxe4 31. Qxd7 Rd8 32. Qg4 Rd2+ 33. Kg1 Qf7 34. Re2 Qa7+ 35. Kh1 Rd4 36. f5 Rfd8 37. Rxe4 Rd2 38. Re2 Rd1+ 39. Re1 R1d2 40. f6 g6 41. Rad1 Qf2 42. Qe2 Qxe2 43. Rxe2 Rxd1+ 44. Kg2 R1d2 45. Rf2 Rxf2+ 46. Kxf2 Kg8 47. Ke3 Kf7 48. g4 Ke6 49. Ke4 Rd5 50. Kf4 Rd2 51. Kg5 Rxb2 52. Kh6 Rb7 53. a4 c5 54. a5 Rc7 55. a6 c4 0-1

[Event "Delegacio Lleida op"]
[Site "Mollerusa"]
[Date "2018.05.05"]
[Round "4"]
[White "Masague Artero, Guerau"]
[Black "Degracia Burgues, Jose A"]
[Result "1-0"]
[WhiteElo "2158"]
[BlackElo "1883"]
[PlyCount "67"]
[EventDate "2018.04.14"]
[EventType "swiss"]
[EventRounds "8"]
[EventCountry "ESP"]
[SourceTitle "EXT 2019"]
[Source "ChessBase"]
[SourceDate "2018.10.10"]
[SourceVersion "1"]
[SourceVersionDate "2018.10.10"]
[SourceQuality "1"]

1. d4 Nf6 2. c4 e6 3. Nc3 d5 4. cxd5 exd5 5. Bg5 c6 6. e3 Nbd7 7. Bd3 h6 8. Bh4 b5 9. Qc2 b4 10. Na4 Bb7 11. Ne2 Be7 12. 0-0 Rc8 13. Rac1 Ne4 14. Bxe7 Qxe7 15. f3 Ng5 16. e4 0-0 17. Ng3 Rfd8 18. Nf5 Qf8 19. e5 Ne6 20. f4 Nxd4 21. Nxd4 c5 22. Nf5 Nb8 23. Nd6 Rxd6 24. exd6 c4 25. Bh7+ Kh8 26. Bf5 Rc6 27. d7 Rc7 28. Qf2 g6 29. Rfe1 Nxd7 30. Bxd7 Rxd7 31. Qd4+ Kh7 32. Nc5 Re7 33. Nxb7 Rxb7 34. Qxd5 1-0

[Event "Lleida op"]
[Site "Lleida"]
[Date "2016.06.04"]
[Round "7.7"]
[White "Masague Artero, Guerau"]
[Black "Degracia Burgues, Jose A"]
[Result "0-1"]
[WhiteElo "1670"]
[BlackElo "1848"]
[PlyCount "76"]
[EventDate "2016.04.23"]
[EventType "swiss"]
[EventRounds "9"]
[EventCountry "ESP"]
[SourceTitle "EXT 2024"]
[Source "ChessBase"]
[SourceDate "2023.10.10"]
[SourceVersion "1"]
[SourceVersionDate "2023.10.10"]
[SourceQuality "1"]

1. d4 e6 2. c4 f5 3. g3 Nf6 4. Bg2 Bb4+ 5. Bd2 Bxd2+ 6. Nxd2 0-0 7. Nh3 c6 8. 0-0 d5 9. Nf3 Na6 10. Nf4 Nc7 11. b3 Qe8 12. Qc2 Bd7 13. Qb2 h6 14. Ne5 Kh7 15. Nfg6 Rg8 16. h3 Rd8 17. Rfc1 Bc8 18. e3 Nd7 19. b4 Nxe5 20. Nxe5 Bd7 21. a4 dxc4 22. Rxc4 g5 23. b5 Nd5 24. e4 cxb5 25. axb5 Nf4 26. gxf4 gxf4 27. exf5 exf5 28. Rc7 f3 29. Nxf3 Qg6 30. Ne1 Kh8 31. d5+ Rg7 32. f4 Qb6+ 33. Qf2 Qxc7 34. Qh4 Qb6+ 35. Kh2 Bxb5 36. Rb1 a6 37. Nf3 Rdg8 38. Ng5 Qg6 0-1

[Event "Lleida Province-ch"]
[Site "Balaguer"]
[Date "2013.11.03"]
[Round "5"]
[White "Pareja Guerrero, Francisco J"]
[Black "Degracia Burgues, Jose A"]
[Result "1-0"]
[WhiteElo "1683"]
[BlackElo "1869"]
[PlyCount "79"]
[EventDate "2013.10.06"]
[EventType "swiss"]
[EventRounds "9"]
[EventCountry "ESP"]
[SourceTitle "CBM 157 Extra"]
[Source "ChessBase"]
[SourceDate "2013.12.19"]
[SourceVersion "1"]
[SourceVersionDate "2013.12.19"]
[SourceQuality "1"]

1. d4 e6 2. Nf3 b6 3. e3 f5 4. Bd3 Nf6 5. 0-0 Bb7 6. b3 Be7 7. Bb2 0-0 8. c4 Na6 9. a3 c5 10. Nc3 cxd4 11. exd4 Ne4 12. Re1 Ng5 13. d5 Nc5 14. Bc2 Rc8 15. Nd4 Nce4 16. Nxe4 fxe4 17. h4 Nf3+ 18. gxf3 exd5 19. cxd5 exf3 20. Be4 Bxh4 21. Nxf3 Rf4 22. Nxh4 Qxh4 23. Qe2 Ba6 24. Qe3 Rcf8 25. Bxg7 Rxf2 26. Be5 Qg4+ 27. Qg3 Qxg3+ 28. Bxg3 Rb2 29. d6 Rc8 30. Bd5+ Kf8 31. Re7 Rcc2 32. Rf7+ Ke8 33. Re1+ Be2 34. Bh4 Rd2 35. Bc4 b5 36. Re7+ Kf8 37. Bxe2 Rxd6 38. Rf1+ Kg8 39. Bf6 h5 40. Bxb2 1-0

[Event "Lleida Province-ch"]
[Site "Balaguer"]
[Date "2013.10.13"]
[Round "2"]
[White "Degracia Burgues, Jose A"]
[Black "Trepat Herranz, Joan"]
[Result "0-1"]
[WhiteElo "1869"]
[BlackElo "2336"]
[PlyCount "34"]
[EventDate "2013.10.06"]
[EventType "swiss"]
[EventRounds "9"]
[EventCountry "ESP"]
[SourceTitle "CBM 157 Extra"]
[Source "ChessBase"]
[SourceDate "2013.12.19"]
[SourceVersion "1"]
[SourceVersionDate "2013.12.19"]
[SourceQuality "1"]

1. e4 e6 2. d4 d5 3. Nf3 dxe4 4. Ne5 Nf6 5. c3 a6 6. f4 c5 7. Be2 Be7 8. 0-0 0-0 9. h4 cxd4 10. cxd4 Qb6 11. h5 Rd8 12. Be3 Nd5 13. Bf2 Qxb2 14. h6 g6 15. Bc4 e3 16. Be1 e2 17. Qxe2 Qxe2 0-1

[Event "Lleida Province-ch"]
[Site "Lleida"]
[Date "2012.10.21"]
[Round "3"]
[White "Degracia Burgues, Jose A"]
[Black "Mohammed Waliul, Islam"]
[Result "1-0"]
[WhiteElo "1875"]
[BlackElo "1851"]
[PlyCount "79"]
[EventDate "2012.10.07"]
[EventType "swiss"]
[EventRounds "9"]
[EventCountry "ESP"]
[SourceTitle "EXT 2015"]
[Source "ChessBase"]
[SourceDate "2014.11.20"]
[SourceVersion "1"]
[SourceVersionDate "2014.11.20"]
[SourceQuality "1"]

1. e4 e5 2. Nf3 Nc6 3. Bc4 Be7 4. c3 Nf6 5. d4 exd4 6. e5 Ne4 7. cxd4 d5 8. Be2 Bg4 9. 0-0 a6 10. Be3 0-0 11. Nfd2 Bf5 12. Nxe4 dxe4 13. f4 exf3 14. Bxf3 Bg6 15. a3 Rb8 16. Nc3 Bg5 17. Bf2 Na5 18. Be4 Nc4 19. Bxg6 hxg6 20. Qe2 b5 21. Ne4 Be7 22. Rad1 Qc8 23. Nc3 c6 24. d5 cxd5 25. Rxd5 Re8 26. Rfd1 b4 27. Ne4 Nb6 28. Bxb6 Rxb6 29. Qf2 Rb7 30. Nd6 Bxd6 31. exd6 Rd8 32. axb4 Rxb4 33. d7 Qb8 34. Re1 Rb7 35. Re7 f6 36. Qe3 Rxb2 37. Re8+ Rxe8 38. dxe8Q+ Qxe8 39. Qxe8+ Kh7 40. h3 1-0

[Event "Lleida Province-ch"]
[Site "Almenar"]
[Date "2010.10.??"]
[Round "9"]
[White "Degracia Burgues, Jose A"]
[Black "Coll Ortega, Jordi"]
[Result "0-1"]
[WhiteElo "1867"]
[BlackElo "2263"]
[PlyCount "108"]
[EventDate "2010.10.10"]
[EventType "swiss"]
[EventRounds "9"]
[EventCountry "ESP"]
[SourceTitle "EXT 2015"]
[Source "ChessBase"]
[SourceDate "2014.11.20"]
[SourceVersion "1"]
[SourceVersionDate "2014.11.20"]
[SourceQuality "1"]

1. e4 c6 2. Nf3 d5 3. Nc3 Bg4 4. Be2 e6 5. 0-0 Nd7 6. exd5 cxd5 7. Re1 Ngf6 8. d4 Bb4 9. h3 Bh5 10. Ng5 Bxe2 11. Rxe2 Bxc3 12. bxc3 0-0 13. Qd3 h6 14. Nf3 Qc7 15. Bd2 Rac8 16. Rae1 Ne4 17. Rxe4 dxe4 18. Rxe4 Qc4 19. Qe3 f5 20. Rxe6 f4 21. Qe1 Qxa2 22. Re7 Qd5 23. Nh4 Rf6 24. c4 Rxc4 25. c3 Nf8 26. g4 fxg3 27. fxg3 Re6 28. Rxe6 Qxe6 29. Qf1 Rc7 30. Nf5 Rf7 31. g4 Ng6 32. Qd3 Ne7 33. Nh4 Qf6 34. Ng2 Qf3 35. Qb5 Ng6 36. Qe8+ Kh7 37. Qe1 Qxh3 38. g5 Qf3 39. gxh6 gxh6 40. c4 Re7 41. Qf2 Qxf2+ 42. Kxf2 Re4 43. Bc3 h5 44. Ne3 h4 45. Nd5 Re6 46. Kf3 Kh6 47. Bd2+ Kh5 48. Bf4 Ne7 49. Nxe7 Rxe7 50. d5 h3 51. d6 Rf7 52. Ke4 Kg6 53. Be5 a6 54. Kd5 Kf5 0-1

[Event "Balaguer op"]
[Site "Balaguer"]
[Date "2003.07.15"]
[Round "1"]
[White "Degracia Burgues, Jose A"]
[Black "Vassallo Barroche, Mauricio"]
[Result "0-1"]
[WhiteElo "1965"]
[BlackElo "2396"]
[PlyCount "57"]
[EventDate "2003.07.14"]
[EventType "swiss"]
[EventRounds "9"]
[EventCountry "ESP"]
[SourceTitle "CBM 095 Extra"]
[Source "ChessBase"]
[SourceDate "2003.09.04"]
[SourceVersion "1"]
[SourceVersionDate "2003.09.04"]
[SourceQuality "1"]

1. d4 Nf6 2. c4 e6 3. g3 Bb4+ 4. Bd2 Qe7 5. Bg2 0-0 6. a3 Bxd2+ 7. Nxd2 e5 8. Ngf3 e4 9. Ng5 e3 10. Nde4 exf2+ 11. Nxf2 h6 12. Nf3 Re8 13. Rc1 d6 14. Nd2 Nc6 15. d5 Ne5 16. e4 Nfg4 17. Nxg4 Nd3+ 18. Kf1 Bxg4 19. Qxg4 Nxc1 20. h4 Qf6+ 21. Kg1 Qd4+ 22. Kh2 Qxd2 23. Rf1 Re7 24. e5 Rxe5 25. Qd7 Rae8 26. Qxc7 Re2 27. Kh3 Rxg2 28. Qxd6 Rh2+ 29. Kg4 0-1